Cómo hacer un plan de Marketing / (Registro nro. 6480)
[ vista simple ]
| 000 -CABECERA | |
|---|---|
| campo de control de longitud fija | 01304nam a22002657a 4500 |
| 008 - CÓDIGOS DE INFORMACIÓN DE LONGITUD FIJA | |
| fixed length control field | 200211s2012 sp d||||r|||| 001 0 spa d |
| 020 ## - NÚMERO INTERNACIONAL NORMALIZADO PARA LIBROS | |
| ISBN | 978845504719 |
| 040 ## - Fuente de catalogación | |
| Agencia original de catalogación | CO-JMCR |
| Agencia de transcripción | CO-JMCR |
| 041 ## - CÓDIGO DE LENGUA | |
| Código idioma | spa |
| 082 ## - NÚMERO DE LA CLASIFICACIÓN DECIMAL DEWEY | |
| Número de clasificación Decimal | 658 / |
| Número de documento (Cutter) | M337c |
| 100 ## - PUNTO DE ACCESO PRINCIPAL-NOMBRE DE PERSONA | |
| Nombre personal | Marín, Quico, |
| Término de función/relación | autor |
| 9 (RLIN) | 395 |
| 245 ## - TÍTULO PROPIAMENTE DICHO | |
| Título | Cómo hacer un plan de Marketing / |
| Mención de responsabilidad, etc. | Quico Marín |
| 260 ## - PUBLICACIÓN, DISTRIBUCIÓN, ETC. (PIE DE IMPRENTA) | |
| Lugar de publicación, distribución, etc. | [España] : |
| Nombre del editor, distribuidor, etc. | Profit, |
| Fecha de publicación, distribución, etc. | 2012 |
| 300 ## - DESCRIPCIÓN FÍSICA | |
| Extensión | 84 páginas : |
| Otros detalles físicos | gráficos a blanco y negro ; |
| Dimensiones | 21 cm. |
| 440 ## - SERIES | |
| Titulo | Colección : MBA práctico |
| 9 (RLIN) | 386 |
| 500 ## - NOTA GENERAL | |
| Nota general | Incluye datos bibliográficos en paginas 83-84. |
| 505 ## - NOTA DE CONTENIDO FORMATADO | |
| Nota de contenido formateada | Plan de marketing -- Instalaciones y descripción del programa -- Funcionamiento del manual -- Casos prácticos |
| 520 ## - RESUMEN, ETC. | |
| Resumen,etc. | Para hacer crecer el valor del cliente es necesario reducir los precios y mejorar, al mismo tiempo, la calidad de los productos o los servicios. en ese sentido, resulta imprescindible hacer un análisis periódico de las acciones que se llevan a cabo. Este libro presenta un muy útil plan de marketing que puede alinear a los trabajadores en base a una estrategia establecida. |
| 650 ## - TÉRMINO DE MATERIA | |
| 9 (RLIN) | 396 |
| 650 ## - TÉRMINO DE MATERIA | |
| 9 (RLIN) | 397 |
| 650 ## - TÉRMINO DE MATERIA | |
| 9 (RLIN) | 398 |
| 650 ## - TÉRMINO DE MATERIA | |
| 9 (RLIN) | 399 |
| Withdrawn status | Lost status | Source of classification or shelving scheme | Damaged status | Not for loan | Collection code | Home library | Current library | Shelving location | Date acquired | Source of acquisition | Cost, normal purchase price | Total Checkouts | Full call number | Barcode | Date last seen | Copy number | Price effective from | Koha item type |
|---|---|---|---|---|---|---|---|---|---|---|---|---|---|---|---|---|---|---|
| Dewey Decimal Classification | Non-fiction | Biblioteca Pública José María del Castillo y Rada | Biblioteca Pública José María del Castillo y Rada | Processing Center | 01/30/2024 | Donación | 0.00 | 658 / M337c | 201809518 | 05/16/2024 | Ej.1 | 02/11/2020 | Books |